000 01501nam a22002537a 4500
005 20260309102522.0
008 260307b |||||||| |||| 00| 0 eng d
020 _a9781544397566
040 _cAL
041 _aeng
082 _a303.6
_bNORL
100 _aPeter G Northhouse
_9258263
245 _aLeadership
_b: theory and practice Ed 9
250 _a9
260 _aLos Angeles
_bSage
_c2022
300 _axxiv,568p
_bPB
_c22x15cm
365 _2General
_aABDI/0854/26
_b$117 ₹10687.95
_c
_d$156.00 ₹14250.60
_e25%
_f19-02-2026
520 _aThe market-leading Leadership: Theory and Practice presents an academically robust account of the major theories and models of leadership with a focus on how theory can inform practice. Author Peter G. Northouse uses a consistent structure for each chapter that allows readers to easily compare and contrast different theories. Case studies and questionnaires provide students with practical examples and opportunities to deepen their understanding of their own leadership style. The fully updated Ninth Edition features a new chapter on inclusive leadership, 17 new real-world cases that profile leaders from across the globe, a new discussion on leadership and morality, and examples of timely issues such as leadership during the COVID-19 pandemic.
650 _aTransformational Leadership
_9258127
650 _aLeadership Ethics
_9258128
650 _aTeam Leadership
_9258129
650 _aAuthentic Leadership
_9258130
942 _2ddc
_cBK
999 _c241011
_d241011